00365nam a2200097Ia 4500008004100000020001800041100002000059245013600079260003300215300001900248180315s9999 xx 000 0 und d a9780071822374 aTaub, Alexander cDaSilva, EllenaPitching closingbEverything you need to know about business development, partnership, and making deals that matter aNew York :b2014cMcGrawHill avii, 253 pages